00996nas a2200241Ia 4500001001100000003000900011008004100020040001300061040001300074041001300087100003800100210002300138222002300161245009900184250001100283260002100294501008600315300001000401310001200411362003300423500026200456650003600718R026/43483IT-RoPAU151124c99999999xx |||||||||||| ||und|| aIT-RoPAU cIT-RoPAU aITALIANO aAA.VV. gCodice Aut. SPICS: 12000 aNOSTRO CINEMA (IL) aNostro Cinema (Il) aNOSTRO CINEMA (IL), ANNO 12-N.133 (MARZO 1974)bNostro Cinema (Il), Anno 12-N.133 (Marzo 1974) a1a ed. aROMAbACECc1974 bPaulus - SPICS - Società€ San Paolo EM (non-commercial uses only)cCopyright2015 a18 p. aMENSILE aANNO 012, N.133 (MARZO 1974) aEvangelizzazione del Mondo Contemporaneo: Tema della Viii Giornata Mondiale Delle Comunicazioni Sociali il 26 Maggio 1974. Strumenti Ostacolo O Veicolo della Comunicazione Sociale? Sala della Comunità€. Settimanale Diocesano. Evangelizzazione e Impegno Pol aCINEMAvPUBBLICAZIONE PERIODICA